Statistiken für Liedtext - Emanuela - Fettes Brot

Klicken Sie hier um das Quiz zu spielen!

Allgemein

  • Dieses Quiz wurde 197 mal gespielt
  • Das Durchschnittsergebnis liegt bei 217 aus 369

Antwortstatistiken

Textquiz% Korrekt
Emanuela
99%
die
97%
von
95%
Von
95%
Finger
93%
Lass
93%
Du
89%
du
89%
da
83%
nicht
82%
das
79%
Das
79%
sie
79%
Sie
79%
Was
75%
denn
73%
ist
73%
Dein
72%
nichts
72%
wie
72%
Wie
72%
der
71%
dich
71%
Dich
71%
Liebe
71%
deine
69%
Alle
68%
alle
68%
weißt
68%
aus
67%
ham
65%
Gefühle
62%
wieder
62%
für
61%
hier
61%
mal
61%
Doch
60%
Es
60%
es
60%
Gefahr
60%
ausgetrickst
59%
Geschichte
59%
an
57%
Er
57%
Jungs
57%
Ein
56%
ein
56%
gefährlich
56%
ihr
56%
siehst
56%
sagen
55%
und
55%
Und
55%
Mädels
52%
ab
51%
dass
49%
hast
49%
hältst
48%
auf
47%
mehr
47%
zu
47%
Vor
46%
wer
45%
Als
44%
dir
43%
No
43%
alles
42%
war
41%
War
41%
willst
41%
wirst
41%
hat
40%
schon
40%
Deines
39%
froh
39%
mit
38%
macht
37%
Lebens
35%
Jetzt
34%
Noch
34%
noch
34%
uns
34%
andere
33%
geht
33%
Hau
33%
im
33%
steht
33%
ihrem
32%
keine
32%
jemals
31%
nur
31%
tausend
31%
verloren
31%
Haus
30%
kleiner
30%
Nacht
30%
unglaublich
30%
viel
30%
Fenster
29%
Fieber
29%
Gangster
29%
gesehen
29%
ging
29%
ihn
29%
Kannst
29%
lässt
29%
traurig
29%
zuvor
29%
auch
28%
wird
28%
einzige
27%
eure
27%
Fehler
27%
gehst
27%
heiß
27%
sonst
27%
Steine
27%
bleibt
26%
kalt
26%
kurzer
26%
wirfst
26%
Zigarette
26%
Abschiedskuss
25%
Berührung
25%
bevor
25%
drei
25%
einmal
25%
euch
25%
rauchst
25%
schlafen
25%
Trockeneis
25%
Anblick
24%
betet
24%
bitte
24%
draußen
24%
glaube
24%
hofft
24%
Schluss
24%
sitzt
24%
tiefer
24%
wars
24%
zwei
24%
Monate
23%
erhört
22%
Lässig
22%
beiden
21%
Eben
21%
hilft
21%
Straßenfest
21%
Treppe
21%
angefangen
20%
Seither
19%
Style
19%
vorstellen
19%
Alter
17%
kochend
17%
Viertel
17%
on
12%
goes
11%
What
11%
Freitagnacht
10%

Verteilung der Resultate

Perzentil nach korrekt beantworteten Fragen

Anzahl Personen mit jedem Resultat

Ihre Resultats-Entwicklung

Sie haben dieses Quiz noch nicht gespielt